000 00308nam a2200133Ia 4500
008 150301s2015 xx 000 0 und d
082 _a615.1
_bP14K
100 _aASHUTOSH KAR
245 _aPHARMACEUTICAL ANALYSIS -||
260 _bCBS- DELHI
300 _a595
650 _aPHARMACEUTICS
942 _2ddc
_cBK
999 _c7165
_d7165